=LDR 00000nam 2200000 4500 =001 INLIS000000000038691 =005 20210210015112 =035 ##$$a 0010-061300000038691 =008 210210################g##########0#ind## =041 ##$$a Ind =082 ##$$a 338.04 =090 ##$$a 338.04, Bri d =100 #$$a Britt, Jim =245 1#$$a Do this get rich ! Raih kebebasan finansial sekarang juga! : $b Dua belas strategi menjuadi wirausahawan sukses dan kaya /$c Britt Jim =260 ##$$a Jakarta,$c 2010 =300 ##$$a iv, 525 hlm : $b ilus ; $c 23 x 15 cm =650 #4$$a Manajemen =850 ##$$a NBPNMAT =020 ##$$a 978-979-013-127-9 =084 ##$$a 338.04 BRI d =250 ##$$a cet.1 =990 ##$$a 00088280 =990 ##$$a 1201102301 =990 ##$$a 27082708 =990 ##$$a 32543254